000 00493cam a2200205ua 4500
020 _c3.00
041 _aeng
_h
082 _a425
_bPIT/IN
100 _aPit Corder, S .
245 _aIntermediate english practice book /
_cS Pit Corder.
_hTextual Documents
250 _a1 /
_b.
260 _aLondon :
_bOrient-Longman Ltd ,
_c1968.
300 _a317 ; .
365 _a3.00
504 _a
942 _cBK
999 _c8527
_d8527